| 000 | 00979nam a2200277 a 4500 | ||
|---|---|---|---|
| 001 | 000026008 | ||
| 003 | DO-SdBNP | ||
| 005 | 20240812092818.0 | ||
| 006 | a||||gr|||| 00| 0 | ||
| 007 | ta | ||
| 008 | 110225e1987 dr b 000 0 spa d | ||
| 040 |
_aDO-SdBNP _bspa _cBNPHU _erda |
||
| 082 | 4 |
_a016.33097293 _bB582e 1987 _222 |
|
| 110 | 1 |
_aRepública Dominicana _bBanco Central de la República _952912 |
|
| 245 | 1 | 0 | _aBibliografía económica dominicana 1983-1986. |
| 264 | 1 |
_aSanto Domingo : _bBanco Central, _c1987 |
|
| 300 |
_axi, 234 páginas ; _c22 cm. |
||
| 336 |
_2rdacontent _atexto _btxt |
||
| 337 |
_2rdamedia _asin mediación _bn |
||
| 338 |
_2rdacarrier _avolumen _bnc |
||
| 500 | _aXL Aniversario, octubre, 1987. | ||
| 590 | _aInventariado 2024 / MF | ||
| 651 | 4 |
_aRepública Dominicana _xCondiciones Económicas _y1983-1986 _vBibliografías _958308 |
|
| 651 | 0 |
_aRepública Dominicana _vBibliografías _xCondiciones Económicas _y1983-1986 _977134 |
|
| 942 |
_2ddc _cLBS1 |
||
| 999 |
_c25500 _d25500 |
||